000 00339pab a2200145 454500
008 180718b1995 xxu||||| |||| 00| 0 eng d
100 _aVohra, B.B.
245 _aSome thoughts on water management
260 _c1995
300 _ap.43-44
362 _aAnnual
650 _aWater supply - India
773 _aMainstream
909 _a30100
999 _c30100
_d30100